MARC details
| 000 -LEADER |
| fixed length control field |
01552cad a2200361 a 4500 |
| 001 - CONTROL NUMBER |
| control field |
8862452 |
| 003 - CONTROL NUMBER IDENTIFIER |
| control field |
ARRUPE |
| 005 - DATE AND TIME OF LATEST TRANSACTION |
| control field |
20130924110709.0 |
| 006 - FIXED-LENGTH DATA ELEMENTS--ADDITIONAL MATERIAL CHARACTERISTICS--GENERAL INFORMATION |
| fixed length control field |
m m |
| 007 - PHYSICAL DESCRIPTION FIXED FIELD--GENERAL INFORMATION |
| fixed length control field |
cr mnummmmuuuu |
| 008 - FIXED-LENGTH DATA ELEMENTS--GENERAL INFORMATION |
| fixed length control field |
031027s1991 enk sb 001 0 eng d |
| 010 ## - LIBRARY OF CONGRESS CONTROL NUMBER |
| LC control number |
90014170 |
| 020 ## - INTERNATIONAL STANDARD BOOK NUMBER |
| International Standard Book Number |
0198148909 |
| 035 ## - SYSTEM CONTROL NUMBER |
| System control number |
(NyNyACL)HEB01470 |
| 035 ## - SYSTEM CONTROL NUMBER |
| System control number |
(NNC)8862452 |
| 040 ## - CATALOGING SOURCE |
| Original cataloging agency |
MiU |
| Transcribing agency |
MiU |
| 050 ## - LIBRARY OF CONGRESS CALL NUMBER |
| Classification number |
KJA2233. |
| Item number |
T74 1991 |
| 090 ## - LOCALLY ASSIGNED LC-TYPE CALL NUMBER (OCLC); LOCAL CALL NUMBER (OCLC) |
| Local cutter number (OCLC) ; Book number/undivided call number, CALL (RLIN) |
(INTERNET) |
| 300 ## - PHYSICAL DESCRIPTION |
| Dimensions |
25 cm. |
| 100 1# - MAIN ENTRY--PERSONAL NAME |
| Personal name |
Treggiari, Susan. |
| 9 (RLIN) |
877 |
| 245 10 - TITLE STATEMENT |
| Title |
Roman marriage |
| Medium |
[electronic resource] : |
| Remainder of title |
iusti coniuges from the time of Cicero to the time of Ulpian / |
| Statement of responsibility, etc |
Susan Treggiari. |
| 260 ## - PUBLICATION, DISTRIBUTION, ETC. (IMPRINT) |
| Place of publication, distribution, etc |
Oxford : |
| Name of publisher, distributor, etc |
Clarendon Press ; |
| Place of publication, distribution, etc |
New York : |
| Name of publisher, distributor, etc |
Oxford University Press, |
| Date of publication, distribution, etc |
1991. |
| 300 ## - PHYSICAL DESCRIPTION |
| Extent |
xv, 578 p. ; |
| 504 ## - BIBLIOGRAPHY, ETC. NOTE |
| Bibliography, etc |
Includes bibliographical references (p. [527]-546) and index. |
| 533 ## - REPRODUCTION NOTE |
| Type of reproduction |
Electronic text and image data. |
| Place of reproduction |
Ann Arbor, Mich. : |
| Agency responsible for reproduction |
University of Michigan, Scholarly Publishing Office, |
| Date of reproduction |
2003. |
| Physical description of reproduction |
Includes both TIFF files and keyword searchable text. |
| Series statement of reproduction |
([ACLS Humanities E-Book]) |
| Note about reproduction |
Mode of access: Intranet. |
| -- |
This volume is made possible by a grant from the Andrew W. Mellon Foundation. |
| 650 #0 - SUBJECT ADDED ENTRY--TOPICAL TERM |
| Topical term or geographic name as entry element |
Marriage (Roman law) |
| 9 (RLIN) |
878 |
| 655 #0 - INDEX TERM--GENRE/FORM |
| Genre/form data or focus term |
Electronic books. |
| 9 (RLIN) |
879 |
| 710 2# - ADDED ENTRY--CORPORATE NAME |
| Corporate name or jurisdiction name as entry element |
American Council of Learned Societies. |
| 9 (RLIN) |
880 |
| 773 0# - HOST ITEM ENTRY |
| Title |
ACLS Humanities E-Book. |
| Note |
URL: http://www.humanitiesebook.org/ |
| 830 #0 - SERIES ADDED ENTRY--UNIFORM TITLE |
| Uniform title |
ACLS Humanities E-Book. |
| 9 (RLIN) |
881 |
| 856 40 - ELECTRONIC LOCATION AND ACCESS |
| Uniform Resource Identifier |
<a href="http://www.columbia.edu/cgi-bin/cul/resolve?clio8862452">http://www.columbia.edu/cgi-bin/cul/resolve?clio8862452</a> |
| Public note |
Click here for full text. |
| 942 ## - ADDED ENTRY ELEMENTS (KOHA) |
| Source of classification or shelving scheme |
Library of Congress Classification |
| Koha item type |
Monograph ( Printed materials) |